Disney Movies in Kingdom Hearts - Statistics

General Stats
  • This quiz has been taken 593 times
  • The average score is 21 of 27
Answer Stats
World Movie % Correct
Dwarf Woodland Snow White and the Seven Dwarves
97%
Neverland Peter Pan
94%
Beast's Castle Beauty and the Beast
93%
Agrabah Aladdin
91%
Wonderland Alice in Wonderland
91%
Olympus Hercules
91%
Toy Box Toy Story
91%
Arendelle Frozen
87%
Pridelands Lion King
87%
Hundred Acre Wood Winnie the Pooh
84%
Monstropolis Monsters, Inc.
82%
Halloweentown | Christmastown The Nightmare Before Christmas
80%
Port Royal | Caribbean Pirates of the Caribbean
80%
Castle of Dreams Cinderella
79%
Atlantica The Little Mermaid
78%
Deep Jungle Tarzan
75%
San Fransokyo Big Hero 6
74%
Symphony of Sorcery Fantasia
74%
Enchanted Dominion Sleeping Beauty
74%
Monstro | Prankster's Paradise Pinocchio
73%
Land of Dragons Mulan
71%
Kingdom of Corona Tangled
68%
Game Central Station | Candy Kingdom Wreck-it-Ralph
67%
La Cité des Cloches Hunchback of Notre Dame
60%
Country of the Musketeers The Three Musketeers
57%
Space Paranoids | The Grid Tron
56%
Deep Space Lilo & Stitch
44%
No matching quizzes found
Score Distribution
Percent of People with Each Score
Percentile by Number Answered
Your Score History
You have not taken this quiz